00584nam a22001817a 450000500170000001000260001702000260004303500230006903700130009208200140010524500630011926000350018227000700021730000210028750000420030852000260035070000260037620230608152948.0 aENG-112575 ENG-137106 a9789381904077c395.00 aEN-96107 EN-120638 bDBAD/PUB a327.5405600aIndia and the Middle East /cedited by Kingshuk Chatterjee aNew DelhibKW Publishersc2012 a4676/21, First Floor, Ansari Road, Daryaganj, bNew Delhie110002 a154p. c24cm(Hb) a Includes bibliographical references. aContributed articles. aChatterjee, Kingshuk